Safari ya Lamu (Record no. 15322)
[ view plain ]
| 000 -LEADER | |
|---|---|
| fixed length control field | 00435nam a22001697a 4500 |
| 003 - CONTROL NUMBER IDENTIFIER | |
| control field | OSt |
| 005 - DATE AND TIME OF LATEST TRANSACTION | |
| control field | 20251027100115.0 |
| 008 - FIXED-LENGTH DATA ELEMENTS--GENERAL INFORMATION | |
| fixed length control field | 230826b |||||||| |||| 00| 0 eng d |
| 020 ## - INTERNATIONAL STANDARD BOOK NUMBER | |
| International Standard Book Number | 9789966499040 |
| 040 ## - CATALOGING SOURCE | |
| Transcribing agency | Chuka University Library |
| 050 ## - LIBRARY OF CONGRESS CALL NUMBER | |
| Classification number | PL 8701.9 |
| Item number | .H33S2 2011 |
| 100 ## - MAIN ENTRY--PERSONAL NAME | |
| Personal name | Habwe John H. |
| 9 (RLIN) | 12330 |
| 245 ## - TITLE STATEMENT | |
| Title | Safari ya Lamu |
| 260 ## - PUBLICATION, DISTRIBUTION, ETC. | |
| Place of publication, distribution, etc. | Nairobi |
| Name of publisher, distributor, etc. | Longhorn Publishers |
| Date of publication, distribution, etc. | 2011 |
| 300 ## - PHYSICAL DESCRIPTION | |
| Extent | 293p |
| 942 ## - ADDED ENTRY ELEMENTS (KOHA) | |
| Source of classification or shelving scheme | Library of Congress Classification |
| Koha item type | Long Loan Books |
| Suppress in OPAC | No |
| Koha issues (borrowed), all copies | 3 |
| Withdrawn status | Lost status | Source of classification or shelving scheme | Damaged status | Not for loan | Collection | Home library | Current library | Shelving location | Date acquired | Total Checkouts | Full call number | Barcode | Date last seen | Copy number | Price effective from | Koha item type | Date last checked out |
|---|---|---|---|---|---|---|---|---|---|---|---|---|---|---|---|---|---|
| Library of Congress Classification | General Collection Books | Chogoria Campus Library | Main Campus Library | Fiction | 26/08/2023 | PL 9701.9 .H33S2 2011 | 21836/2023 | 26/08/2023 | 1 | 26/08/2023 | Long Loan Books | ||||||
| Library of Congress Classification | Fiction | Main Campus Library | Main Campus Library | Fiction | 19/10/2023 | 3 | PL 9701.9 .H33S2 2011 | 21933/2023 | 10/11/2025 | 2 | 19/10/2023 | Long Loan Books | 27/10/2025 |
